X factor UK Judges - Statistics

General Stats
  • This quiz has been taken 48 times
  • The average score is 11 of 16
Answer Stats
Seasons Judge % Correct
1-7, 11-15 Simon Cowell
100%
1-4, 10, 13-14 Sharon Osbourne
92%
1-11, 13-14 Louis Walsh
89%
5-7, 11-12 Cheryl
84%
15 Robbie Williams
81%
15 Louis Tomlinson
73%
9-10, 13-14 Nicole Scherzinger
73%
8-10 Gary Barlow
70%
11 Mel B
68%
8 Kelly Rowland
59%
8-9 Tulisa
59%
12 Nick Grimshaw
57%
12 Rita Ora
57%
4-7 Dannii Minogue
54%
15 Ayda Field Williams
32%
4 (auditions) Brian Friedman
24%
No matching quizzes found
Score Distribution
Percent of People with Each Score
Percentile by Number Answered
Your Score History
You have not taken this quiz